000 00633nam a22002177a 4500
003 UA-OsUOA
001 97219
007 ta
008 20130327b un ||||| |||| 00| 0 ukr d
100 _aГайдук Л.А.
090 _a330(477)
_bГ14
942 _cSA
040 _aUA-OsUOA
_bukr
_cUA-OsUOA
_dUA-OsUOA
245 _aІнноівційні фінансові інструменти залучення інвестицій
300 _aС.68-76
955 _a0
041 _aukr
080 _a330(477)
773 0 _w97210
_tФінанси України
_dК.
_d2012
_g10
650 7 _a330 Економіка взагалі
_2UDC
999 _c383437
_d383437